1er encuentro internacional: diversos y alternos, la gestión cultural en América Latina
Enregistré dans:
| Format: | Livre |
|---|---|
| Langue: | espagnol |
| Publié: |
Bogotá
Convenio Andrés Bello
2007
|
| Sujets: | |
| Tags: |
Ajouter un tag
Pas de tags, Soyez le premier à ajouter un tag!
|
MARC
| LEADER | 00000nam a2200000 a 4500 | ||
|---|---|---|---|
| 001 | UCI6390 | ||
| 003 | CL-VaPUC | ||
| 008 | 080430e20070000CK |||||||||||||||||spa|d | ||
| 082 | 0 | 4 | |a 306.4 |b ENC |2 21 |
| 245 | 1 | 0 | |a 1er encuentro internacional: diversos y alternos, la gestión cultural en América Latina |
| 300 | |a 37 p | ||
| 942 | |c BK | ||
| 945 | |d 20080430 00:00:00 |a jtorresc | ||
| 260 | |a Bogotá |b Convenio Andrés Bello |c 2007 | ||
| 650 | 0 | |a Patrimonio cultural |9 309364 | |
| 650 | 0 | |a Política cultural |9 316492 | |
| 650 | 0 | |a Gestión cultural |9 521696 | |
| 583 | |a last modification |c 20080430 00:00:00 |k Rodrigo Vera | ||
| 999 | |c 329906 |d 329904 | ||
| 952 | |0 0 |1 0 |4 0 |6 306_400000000000000_ENC_2007 |7 0 |8 X |9 415112 |a FDOMLP |b FDOMLP |d 2019-11-22 |i 4436520 |o 306.4 ENC 2007 |p 4436520 |r 2019-11-22 |w 2019-11-22 |y BK_X |k BU2 | ||